Normal view
MARC view
- KELLY, R. A
Entry Personal Name
001 - CONTROL NUMBER
- control field: 77884
003 - CONTROL NUMBER IDENTIFIER
- control field: NUST
005 - DATE AND TIME OF LATEST TRANSACTION
- control field: 20210628210027.0
008 - FIXED-LENGTH DATA ELEMENTS
- fixed length control field: 210628|| aca||aabn | a|a d
040 ## - CATALOGING SOURCE
- Original cataloging agency: NUST
- Transcribing agency: NUST
100 ## - HEADING--PERSONAL NAME
- Personal name: KELLY, R. A
670 ## - SOURCE DATA FOUND
- Source citation: Work cat.: (NUST): KELLY, R. A, THE USE OF ENGLISH FOR TECHNICAL STUDENTS, 1971
